| 000 | 00839cam a22002651 4500 | ||
|---|---|---|---|
| 001 | 751988 | ||
| 003 | EG-ScBUE | ||
| 005 | 20220223114926.0 | ||
| 008 | 721213s1965 nyuab f 000 1 eng d | ||
| 040 |
_aDLC _beng _erda _cDLC _dDLC _dEG-ScBUE |
||
| 082 | 0 | 4 |
_222 _a833.914 _bMIC |
| 100 | 1 |
_aMichener, James A. _q(James Albert), _d1907-1997, _eauthor. _910640 |
|
| 245 | 1 | 4 |
_aThe source : _ba novel / _cby James A. Michener. |
| 264 | 1 |
_aNew York : _bRandom House, _c1965. |
|
| 300 |
_a909 pages : _billustrations, maps ; _c22 cm |
||
| 336 |
_2rdacontent _atext _btxt |
||
| 337 |
_2rdamedia _aunmediated _bn |
||
| 338 |
_2rdacarrier _avolume _bnc |
||
| 650 | 7 |
_aJews _xFiction. _910641 _2BUEsh |
|
| 651 | _2BUEsh | ||
| 653 |
_bHHUUEENN _cFebruary2022 |
||
| 655 |
_vReading book _934232 |
||
| 942 |
_2ddc _cBB |
||
| 999 |
_c13204 _d13204 |
||